000 00558cab a2200205 4500
001 X3047
008 090401t1996 xxu||||| |||| 00| 0 eng d
035 _a(Sirsi) u28202
041 _aeng
100 _aSigle, M.
245 _aINPGO`s digital photogrametry software
260 _c1996
350 _a0
490 _aSurveying World
_v4(2) January/February 1996, 33-32(3)
650 _aAERIAL TRIANGULATION
650 _aDIGITAL PHOTOGRAMMETRY
690 _aMANAGEMENT-BUSINESS MANAGEMENT-INFORMATION MANAGEMENT
942 _n0
948 _c04/03/1997
999 _c19015
_d19015